000 00441cam a2200169ua 4500
020 _c1500.00
041 _aeng
_h
082 _a664
_bTRI/EN
100 _aTrivedi, Sandhya .
245 _aEncyclopaedia of food technology /
_cSandhya Trivedi.
_hTextual Documents
260 _aNew Delhi :
_bAnmol Publications Pvt Ltd ,
_c2006.
300 _a298 ; .
365 _a1500.00
504 _a
942 _cBK
999 _c13164
_d13164